| 000 | 00469cam a2200181ua 4500 | ||
|---|---|---|---|
| 020 | _c50.00 | ||
| 041 |
_aeng _h |
||
| 082 |
_a332.742 _bGOP/AD |
||
| 100 | _aGopal, Swaroop . | ||
| 245 |
_aAdvances to small industries and small borrowers / _cGopal Swaroop. _hTextual Documents |
||
| 250 |
_a7 / _b. |
||
| 260 |
_aNew Delhi : _bS.Chand and Co , _c1993. |
||
| 300 |
_a533 : _b` ; . |
||
| 365 | _a50.00 | ||
| 504 | _a | ||
| 942 | _cBK | ||
| 999 |
_c1786 _d1786 |
||